Peter Drucker : (Registro nro. 11309)

Detalles MARC
000 -LIDER
fixed length control field 00907nam a22003137a 4500
001 - NÚMERO DE CONTROL
Identificador de número de control 000470
003 - IDENTIFICACDOR DE NÚMERO DE CONTROL
control field DO-SdBNP
005 - DATE AND TIME OF LATEST TRANSACTION
control field 20231003095638.0
007 - CAMPOS FIJOS DE DESCRIPCIÓN FÍSICA
fixed length control field 000470
008 - ELEMENTOS DE LONGITUD FIJA
fixed length control field 160905b2007 ag|| 00| 0 spa d
020 ## - ISBN
International Standard Book Number 9789870406693
040 ## - FUENTE DE CATALOGACIÓN
Agencia que crea de manera original el registro BPMSU
Idioma de catalogación spa
Agencia que realiza la transcripción BPMSU
082 #4 - NÚMERO DE CLASIFICACIÓN DECIMAL DE DEWEY
Classification number 658.4092
Item number W812P 2007
Edition number 22
100 1# - ASIENTO PRINCIPAL -- NOMBRE PERSONAL
Nombre personal Wise, Tom
245 10 - MENCIÓN DE TITULO
Título Peter Drucker :
Subtítulo El personaje /
Mención de responsabilidad Tom Wise.
260 ## - PUBLICACIÓN, DISTRIBUCIÓN, ETC. (PIE DE IMPRENTA)
Lugar de publicación, distribución, etc Buenos Aires :
Nombre del editor, distribuidor, etc. Aguilar,
Fecha de publicación, distribución, etc 2007.
300 ## - DESCRIPCIÓN FÍSICA
Extensión 2v. ;
Dimensiones 22 cm.
500 ## - NOTA GENERAL
Nota general
500 ## - NOTA GENERAL
Nota general Incluye datos del autor en la solapa de la cubierta.
500 ## - NOTA GENERAL
Nota general Primera reimpresión: mayo de 2008.
590 ## - NOTA LOCAL
Texto de la nota local Inventariado, 2023/VM<br/>
600 14 - ENCABEZAMIENTO DE MATERIA--NOMBRE PERSONAL
Nombre personal Drucker, Peter
Fechas asociadas con el nombre 1909-2005
Subdivisión temática general Crítica e interpretación
650 #4 - ENCABEZAMIENTO DE MATERIA--TEMÁTICO
Término temático o nombre geográfico como elemento de entrada Liderazgo.
650 #4 - ENCABEZAMIENTO DE MATERIA--TEMÁTICO
Término temático o nombre geográfico como elemento de entrada Aptitud de mando
650 #4 - ENCABEZAMIENTO DE MATERIA--TEMÁTICO
Término temático o nombre geográfico como elemento de entrada Disciplina laboral.
650 #4 - ENCABEZAMIENTO DE MATERIA--TEMÁTICO
Término temático o nombre geográfico como elemento de entrada Gerentes
910 ## - VALIDACIÓN
Validación VMateo V. Control de calidad BPMSU
942 ## - ADDED ENTRY ELEMENTS (KOHA)
Source of classification or shelving scheme Dewey Decimal Classification
Koha item type Libros
Existencias
Withdrawn status Lost status Source of classification or shelving scheme Damaged status Not for loan Collection code Home library Current library Date acquired Source of acquisition Total Checkouts Full call number Barcode Date last seen Copy number Price effective from Koha item type
    Dewey Decimal Classification     Colección General Biblioteca Pública Metropolitana Salomé Ureña Biblioteca Pública Metropolitana Salomé Ureña 09/05/2016 Alfaguara   BPMSU CG 658.4092 W812P 2007 BPMSU16090133 09/05/2016 v.2 09/05/2016 Libros
    Dewey Decimal Classification     Colección General Biblioteca Pública Metropolitana Salomé Ureña Biblioteca Pública Metropolitana Salomé Ureña 09/05/2016 Alfaguara   BPMSU CG 658.4092 W812P 2007 BPMSU16090146 09/05/2016 v.2, e.2 09/05/2016 Libros
    Dewey Decimal Classification     Colección General Biblioteca Pública Metropolitana Salomé Ureña Biblioteca Pública Metropolitana Salomé Ureña 09/05/2016 Alfaguara   BPMSU CG 658.4092 W812P 2007 BPMSU16090147 09/05/2016 v.2, e.3 09/05/2016 Libros